Ash Ketchum's Pokémon - Statistics

General Stats
  • This quiz has been taken 414 times
    371 since last reset
  • The average score is 59 of 101
Answer Stats
Type Region Pokémon % Correct
Fire/Flying Kanto Charizard
92%
Grass/Poison Kanto Bulbasaur
88%
Fire Kanto Charmander
87%
Water Kanto (Training) Squirtle
86%
Bug/Flying Kanto (Released) Butterfree
84%
Normal/Flying Kanto Pidgeot
84%
Electric Kanto Pikachu
84%
Fire Kanto Charmeleon
83%
Bug Kanto (Released) Caterpie
79%
Normal/Flying Kanto Pidgeotto
78%
Bug Kanto (Released) Metapod
76%
Water/Ice Kanto (Released) Lapras
74%
Normal Kanto Tauros x30
73%
Grass Johto Bayleef
71%
Grass Johto Chikorita
71%
Water Johto Totodile
71%
Fire/Fighting Sinnoh Infernape
70%
Fire Johto Quilava
69%
Grass Hoenn Treecko
69%
Fire Johto Cyndaquil
68%
Poison Kanto Muk
68%
Fighting Kanto (Training) Primeape
68%
Grass Hoenn Sceptile
68%
Fire Sinnoh Chimchar
67%
Ghost/Poison Galar Gengar
67%
Water/Dark Kalos (Released) Greninja
67%
Bug/Fighting Johto Heracross
66%
Grass Unova Snivy
66%
Normal/Flying Sinnoh Staraptor
66%
Grass Hoenn Grovyle
65%
Ghost/Poison Kanto (Bonded) Haunter
65%
Normal Kanto Snorlax
65%
Water Kanto Kingler
64%
Fire/Fighting Sinnoh Monferno
64%
Water Unova Oshawott
64%
Dragon/Ground Sinnoh Gible
63%
Water Kanto Krabby
63%
Normal/Flying Johto Noctowl
63%
Normal/Flying Sinnoh Starly
63%
Grass/Ground Sinnoh Torterra
63%
Fire Unova Tepig
62%
Normal/Flying Hoenn Swellow
61%
Bug/Poison Kanto (Given Away) Beedrill
60%
Normal/Flying Sinnoh Staravia
60%
Normal/Flying Hoenn Taillow
60%
Grass Sinnoh Turtwig
60%
Ground Johto Donphan
59%
Dragon/Flying Galar Dragonite
59%
Ice Hoenn Glalie
59%
Fighting/Steel Galar Lucario
59%
Dragon Kalos (Released) Goodra
58%
Water Sinnoh Buizel
57%
Water Kalos (Released) Froakie
57%
Grass Sinnoh Grotle
57%
Fire/Fighting Unova Pignite
57%
Ground/Flying Sinnoh Gliscor
56%
Ground Johto Phanpy
56%
Normal Sinnoh (Traded) Aipom
55%
Normal Kanto (Traded) Raticate
55%
Grass/Flying Alola Rowlet
55%
Flying/Fire Kalos Talonflame
55%
Fire Hoenn Torkoal
55%
Fire Alola Torracat
55%
Rock Alola Lycanroc
54%
Water Kalos (Released) Frogadier
53%
Ground/Flying Sinnoh Gligar
53%
Flying/Fighting Kalos Hawlucha
53%
Bug/Grass Unova Leavanny
53%
Fire Alola Litten
53%
Dragon/Flying Kalos Noivern
53%
Normal/Flying Unova Pidove
53%
Ice Hoenn Snorunt
52%
Dragon Kalos (Released) Goomy
51%
Normal/Flying Unova Unfezant
51%
Dragon/Flying Kalos Noibat
50%
Ground/Rock Johto (Bonded) Larvitar
49%
Rock Alola Rockruff
49%
Flying/Fire Kalos Fletchinder
47%
Fire/Dark Alola Incineroar
47%
Steel Alola Melmetal
47%
Water Hoenn Corphish
46%
Water/Dragon Galar Dracovish
46%
Ground/Dark Unova Krokorok
46%
Fighting/Dark Unova Scraggy
45%
Normal/Flying Unova Tranquill
45%
Flying/Normal Kalos Fletchling
44%
Fighting Galar Riolu
44%
Rock Unova Boldore
43%
Ground/Dark Unova Krookodile
43%
Fighting Galar Farfetch'd
42%
Water/Ground Unova Palpitoad
41%
Rock Unova Roggenrola
41%
Dragon Kalos (Released) Sliggoo
41%
Steel Alola Meltan
40%
Bug/Grass Unova Sewaddle
40%
Psychic/Fairy Kanto Mr. Mime
39%
Fighting Galar Sirfetch'd
39%
Bug/Grass Unova Swadloon
38%
Poison/Dragon Alola (Released) Naganadel
36%
Poison Alola (Released) Poipole
35%
Psychic/Steel Alola (Bonded) Solgaleo (Nebby)
28%
No matching quizzes found
Score Distribution
Percent of People with Each Score
Percentile by Number Answered
Your Score History
You have not taken this quiz since the last reset